| 000 | 00473cam a2200181ua 4500 | ||
|---|---|---|---|
| 020 | _c2.00 | ||
| 041 |
_ahin _h |
||
| 082 |
_a891.54 _bBAB/KR |
||
| 100 | _aBabu Bankim chandra, Chatterji . | ||
| 245 |
_aKrishnakant ka vasiyatnama / _cBabu bankim chandra chatterjee. _hTextual Documents |
||
| 250 |
_a3 / _b. |
||
| 260 |
_aVaranasi : _bHindi Pracharak Pusthakalayam. |
||
| 300 | _a196 ; . | ||
| 365 | _a2.00 | ||
| 504 | _a | ||
| 942 | _cBK | ||
| 999 |
_c8242 _d8242 |
||